| 000 | 00847nam a22002057a 4500 | ||
|---|---|---|---|
| 999 |
_c5089 _d5089 |
||
| 003 | AR-CdUCM | ||
| 008 | 190312b ||||| |||| 00| 0 spa d | ||
| 040 |
_aMUNICIPALIDAD PROVINCIAL DEL CUSCO _cBIBLIOTECA MUNICIPAL DEL CUSCO |
||
| 082 |
_a325.46 / _bF36 |
||
| 100 |
_aFernández-Shaw, Carlos M _98497 |
||
| 245 | _aPresencia española en los Estados Unidos / | ||
| 260 |
_aMadrid : _b Cultura Hispánica, _c1972. |
||
| 300 |
_a931 páginas _bMapas desplegables _c24 cm. |
||
| 505 | _aBosquejo histórico de las relaciones hispanoamericanas -- Participación en la guerra de la independencia -- Actividad misional y civilizadora -- Estados de la costa atlántica -- Las dos Virginias, las dos Carolinas y Georgia... | ||
| 650 |
_aEspaña _9176 |
||
| 650 |
_aHistoria _9136 |
||
| 650 |
_aAmérica _91348 |
||
| 942 |
_2ddc _cLIBROS |
||
| 945 | _admma | ||